Countries the US have fought in, attacked or declared war on - Statistics

General Stats
  • This quiz has been taken 41 times
    26 since last reset
  • The average score is 79 of 93
Answers on the Map
Answers color-coded by a green-red scale on the quiz's map according to % correct below.
 
Answer Stats
Answer % Correct
canada
100%
china
100%
cuba
100%
egypt
100%
france
100%
germany
100%
iran
100%
iraq
100%
italy
100%
japan
100%
laos
100%
mexico
100%
panama
100%
poland
100%
russia
100%
spain
100%
syria
100%
united kingdom
100%
vietnam
100%
yemen
100%
afghanistan
95%
algeria
95%
belgium
95%
bosnia
95%
czechia
95%
denmark
95%
greece
95%
haiti
95%
honduras
95%
hungary
95%
indonesia
95%
libya
95%
malaysia
95%
morrocco
95%
netherlands
95%
north korea
95%
serbia
95%
slovakia
95%
South korea
95%
thailand
95%
tunisia
95%
australia
90%
austria
90%
croatia
90%
democratic republic of the congo
90%
Dominican republic
90%
kuwait
90%
nicaragua
90%
niger
90%
nigeria
90%
pakistan
90%
romania
90%
somalia
90%
bulgaria
86%
burma
86%
cambodia
86%
El salvador
86%
guatemala
86%
iceland
86%
kosovo
86%
mali
86%
saudi arabia
86%
albania
81%
dr
81%
montenegro
81%
taiwan
81%
bahamas
76%
lebanon
76%
norway
76%
papua new guinea
76%
singapore
76%
bolivia
71%
liberia
71%
marshall islands
71%
micronesia
71%
nauru
71%
palau
71%
brunei
67%
central African republic
67%
fiji
67%
grenada
67%
kiribati
67%
malta
67%
solomon islands
67%
South sudan
67%
uganda
67%
burkina faso
62%
ivory coast
62%
luxembourg
57%
switzerland
52%
drc
43%
phillipines
10%
turkiye, turkey
0%
No matching quizzes found
Score Distribution
Percent of People with Each Score
Percentile by Number Answered
Your Score History
You have not taken this quiz since the last reset